00890nam a2200217Ia 4500008004100000040001400041082002100055100002100076245006200097260004900159300001300208365002600221366000800247505002000255620011000275630006200385730006200447942000900509999001900518952013500537100315s9999 xx 000 0 und d cENGLISH  b2843 a658.15  a"Kuchhal, S.C. " aFinancial Management : An Analytical & Conceptual Approch aAllahabad bChaitanya Pub. House  c1995  a525p.   eRupees d1 b0.00  f0  gTushar Jadhav  a"Finance Function, Sources of Financial Information, Tools of Finanacial Analysis, Funds Flow Analysis " aFinancial Management : An Analytical & Conceptual Approch aFinancial Management : An Analytical & Conceptual Approch cBOOK c477578d477575 00104070aVPMBRIMSbVPMBRIMSd2006-02-13g0.00l0o658.15 /KUC  2843 pVPMBRIMS-2843 r2010-03-19 00:00:00w2010-03-19yBOOK